LEADER 01010nam0-22003131i-450- 001 990005405630403321 005 20090630125950.0 010 $a0-674-23940-7 035 $a000540563 035 $aFED01000540563 035 $a(Aleph)000540563FED01 035 $a000540563 100 $a19990604d1977----km-y0itay50------ba 101 0 $aeng 105 $aa-------00--- 200 1 $aEdward Gibbon and the decline and fall of the Roman Empire$fedited by G.W. Bowersock$gJohn Clive and Stephen R. Granboard 210 $aCambridge (Mass.), London$cHarvard University Press$d1977 215 $aXII, 257 p.$cill.$d25 cm 676 $a937.0072$v22$zita 700 1$aBowersock,$bG.W.$0157340 702 1$aClive,$bJohn 702 1$aGraubard,$bStephen R. 801 0$aIT$bUNINA$gRICA$2UNIMARC 901 $aBK 912 $a990005405630403321 952 $a937.007 BOW 1$bANT. G.R. 2730$fFLFBC 959 $aFLFBC 996 $aEdward Gibbon and the decline and fall of the Roman Empire$9591745 997 $aUNINA LEADER 01247nam 2200457 450 001 9910798521103321 005 20230808194641.0 010 $a1-68325-141-5 035 $a(CKB)3710000000776871 035 $a(Au-PeEL)EBL4619657 035 $a(CaPaEBR)ebr11241300 035 $a(OCoLC)956277791 035 $a(MiAaPQ)EBC4619657 035 $a(EXLCZ)993710000000776871 100 $a20160827h20162016 uy 0 101 0 $aspa 135 $aurcnu|||||||| 181 $2rdacontent 182 $2rdamedia 183 $2rdacarrier 200 13$aLa postura correcta /$fValeria Gattoronchieri 210 1$a[Barcelona, Spain] :$cEditorial De Vecchi,$d2016. 210 4$d©2016 215 $a1 online resource (111 pages) $ccolor illustrations 300 $a"Bienestar y forma fisica"--Cover. 311 $a84-315-3127-4 606 $aPosture 606 $aPhysical fitness 606 $aExercise 615 0$aPosture. 615 0$aPhysical fitness. 615 0$aExercise. 676 $a613.78 700 $aGattoronchieri$b Valeria$01468392 801 0$bMiAaPQ 801 1$bMiAaPQ 801 2$bMiAaPQ 906 $aBOOK 912 $a9910798521103321 996 $aLa postura correcta$93679543 997 $aUNINA LEADER 00779cam0-2200265 --450 001 9910889998703321 005 20241022103734.0 010 $a3150019575 100 $a20241022d1965----kmuy0itay5050 ba 101 0 $ager 102 $aDE 105 $ay 001yy 200 1 $a<>Marquise von O...$aDie Verlobung in St. Domingo$eErzählungen$fHeinrich von Kleist 210 $aStuttgart$cReclam$d1965 215 $a94 p.$d16 cm 225 1 $aUniversal Bibliothek$v1957 700 1$aKleist,$bHeinrich : von$086899 801 0$aIT$bUNINA$gREICAT$2UNIMARC 901 $aBK 912 $a9910889998703321 952 $aFondo Mango 170$b269/2024$fFSPBC 959 $aFSPBC 996 $aMarquise von O$917697 996 $aDie Verlobung in St. Domingo$94227203 997 $aUNINA